| 000 | 00767nam a2200217 i 4500 | ||
|---|---|---|---|
| 001 | 138914 | ||
| 003 | ES-MaACL | ||
| 005 | 20250817063126.0 | ||
| 007 | t| | ||
| 008 | 070214s1971 sp r ||||1| spa d | ||
| 100 | 1 |
_aSan Vicente, Angel. _9102312 |
|
| 245 | 1 | 0 |
_aIsabel de Aragón, Reina de Portugal / _cAngel San Vicente Pino. |
| 260 |
_aZaragoza : _bInstitución Fernando el Católico, _c1971. |
||
| 300 |
_a170 p., 24 lám. ; _c21 cm. |
||
| 490 | 1 |
_aTemas Aragoneses ; _v1 |
|
| 600 | 0 | 7 |
_aIsabel, _cReina consorte de Dionisio I, Rey de Portugal, Santa, _d1271-1336 _2 _9156092 |
| 710 | 2 |
_aInstitución "Fernando el Católico" _94721 |
|
| 830 | 0 |
_aTemas Aragoneses ; _v1 _9187111 |
|
| 852 |
_aES-MaACL _jC-47795 _bR.77708 |
||
| 999 |
_c138914 _d138914 |
||